[Event "FIDE Women's Grand Swiss"]
[Site "Samarkand UZB"]
[Date "2025.09.12"]
[Round "8.27"]
[White "Guo, Qi"]
[Black "Yip, Carissa"]
[Result "1/2-1/2"]
[WhiteTitle "IM"]
[BlackTitle "IM"]
[WhiteElo "2371"]
[BlackElo "2458"]
[WhiteFideId "8604002"]
[BlackFideId "2090732"]
[EventDate "2025.09.04"]

1. d4 Nf6 2. c4 g6 3. Nc3 Bg7 4. e4 d6 5. Nf3 O-O 6. Be2 Na6 7. O-O e5 8. Re1
Bg4 9. Be3 exd4 10. Nxd4 Bxe2 11. Qxe2 Re8 12. f3 c6 13. Rad1 Nd7 14. Qd2 Ne5
15. b3 Nc5 16. Qc2 Qe7 17. h3 a5 18. Bf2 Qg5 19. Be3 Qh4 20. Bf2 Qg5 21. Be3 Qh4
22. Bf2 Qg5 23. Be3 1/2-1/2

[Event "FIDE Women's Grand Swiss"]
[Site "Samarkand UZB"]
[Date "2025.09.13"]
[Round "9.1"]
[White "Lagno, Kateryna"]
[Black "Assaubayeva, Bibisara"]
[Result "1/2-1/2"]
[WhiteTitle "GM"]
[BlackTitle "GM"]
[WhiteElo "2505"]
[BlackElo "2505"]
[WhiteFideId "14109336"]
[BlackFideId "13708694"]
[EventDate "2025.09.04"]

1. d4 Nf6 2. c4 g6 3. Nc3 Bg7 4. e4 d6 5. Nf3 O-O 6. Be2 e5 7. O-O h6 8. dxe5
dxe5 9. Be3 Nbd7 10. h3 c6 11. Qd6 Ne8 12. Qd2 Kh7 13. c5 Qe7 14. b4 a5 15. a3
f5 16. exf5 gxf5 17. Rad1 axb4 18. axb4 e4 19. Nh2 Nc7 20. Bf4 Ne5 21. Qd6 Qxd6
22. cxd6 Ne6 23. Bxe5 Bxe5 24. d7 Bxc3 25. dxc8=Q Raxc8 26. Rd7+ Kg6 27. Rc1
Bxb4 28. Rxb7 Nd4 29. Ba6 Rb8 30. Rc7 c5 31. g3 Rf7 32. Rxf7 Kxf7 33. Bc4+ Kf6
34. Ra1 Bd2 35. Nf1 Rb2 36. Ra6+ Ke7 37. Nxd2 Rxd2 38. Rxh6 Rc2 39. Bd5 c4 40.
g4 Ne2+ 41. Kh1 Nf4 42. Bg8 Kf8 43. Bxc4 Rxc4 44. Rf6+ Ke7 45. Rxf5 Nd3 46. Kg2
Ke6 47. Kg3 Rc3 48. h4 Rc1 49. h5 Rg1+ 50. Kh3 Ne5 51. Rg5 Nf3 52. Rf5 Ne5 53.
Rg5 Kd5 54. Kh2 Rxg4 55. Rxg4 Nxg4+ 56. Kg3 Nf6 57. Kh4 Nh7 58. Kg4 Ke5 59. h6
Kf6 1/2-1/2

[Event "FIDE Women's Grand Swiss"]
[Site "Samarkand UZB"]
[Date "2025.09.13"]
[Round "9.2"]
[White "Vaishali, Rameshbabu"]
[Black "Song, Yuxin"]
[Result "1/2-1/2"]
[WhiteTitle "GM"]
[BlackTitle "IM"]
[WhiteElo "2452"]
[BlackElo "2409"]
[WhiteFideId "5091756"]
[BlackFideId "8614300"]
[EventDate "2025.09.04"]

1. e4 c5 2. Nc3 Nc6 3. g3 g6 4. Bg2 Bg7 5. d3 e6 6. f4 d6 7. Nf3 Nge7 8. h4 h5
9. O-O Rb8 10. a4 a6 11. Ng5 b5 12. axb5 axb5 13. Qe1 Nd4 14. Qf2 f6 15. f5 exf5
16. exf5 O-O 17. Ne6 Nxe6 18. fxe6 Bxe6 19. Re1 Bf7 20. Ra7 Nc8 21. Rxf7 Rxf7
22. Bd5 Kf8 23. Ne4 Re7 24. Bg5 Qd7 25. Bxf6 Qf5 26. Qxf5 gxf5 27. Rf1 Bxf6 28.
Rxf5 Re5 29. Rxf6+ Kg7 30. Rf7+ Kg6 31. Rf6+ Kg7 32. Rf7+ Kg6 33. Rf6+ 1/2-1/2

[Event "FIDE Women's Grand Swiss"]
[Site "Samarkand UZB"]
[Date "2025.09.13"]
[Round "9.3"]
[White "Krush, Irina"]
[Black "Stefanova, Antoaneta"]
[Result "1-0"]
[WhiteTitle "GM"]
[BlackTitle "GM"]
[WhiteElo "2366"]
[BlackElo "2395"]
[WhiteFideId "2012782"]
[BlackFideId "2902257"]
[EventDate "2025.09.04"]

1. c4 e6 2. Nf3 d5 3. e3 g6 4. d4 Nf6 5. Nc3 Bg7 6. Bd3 Nc6 7. O-O O-O 8. Qe2 b6
9. Rd1 Nb4 10. Bb1 Ba6 11. b3 c5 12. Bb2 dxc4 13. bxc4 Qc8 14. Nb5 Rd8 15. a3
Nc6 16. Ba2 Ne7 17. Ne5 cxd4 18. exd4 Nf5 19. Rac1 Qb7 20. a4 Rac8 21. d5 exd5
22. cxd5 Rxc1 23. Rxc1 Nxd5 24. Rd1 Qa8 25. Qd2 Bb7 26. Nc7 Qb8 27. Nxd5 Bxd5
28. Bxd5 Bxe5 29. Bxe5 Qxe5 30. Bxf7+ Kxf7 31. Qxd8 Kg7 32. Qd7+ Kh6 33. Qxa7
Qe4 34. Qd7 Nh4 35. f3 Nxf3+ 36. gxf3 Qe3+ 37. Kg2 Qe2+ 38. Kg3 Qe5+ 39. Kh3
Qh5+ 40. Kg2 Qg5+ 41. Qg4 1-0

[Event "FIDE Women's Grand Swiss"]
[Site "Samarkand UZB"]
[Date "2025.09.13"]
[Round "9.4"]
[White "Girya, Olga"]
[Black "Guo, Qi"]
[Result "1/2-1/2"]
[WhiteTitle "GM"]
[BlackTitle "IM"]
[WhiteElo "2386"]
[BlackElo "2371"]
[WhiteFideId "4195752"]
[BlackFideId "8604002"]
[EventDate "2025.09.04"]

1. d4 Nf6 2. c4 e6 3. Nc3 Bb4 4. e3 O-O 5. Bd3 d5 6. a3 Bxc3+ 7. bxc3 dxc4 8.
Bxc4 c5 9. Ne2 Qc7 10. Ba2 Rd8 11. O-O b6 12. Ng3 Bb7 13. Bb2 Nbd7 14. Qe2 Nf8
15. c4 cxd4 16. exd4 Ng6 17. d5 exd5 18. Bxf6 gxf6 19. cxd5 Bxd5 20. Nh5 Bxa2
21. Nxf6+ Kg7 22. Nh5+ Kf8 23. Rxa2 Qe5 24. Qg4 Rd5 25. Qb4+ Kg8 26. Ng3 Qd4 27.
Qb1 Qd3 28. Qc1 Qd4 29. Rc2 Rad8 30. Rc8 Rxc8 31. Qxc8+ Rd8 32. Qc7 Qd7 33. Qc3
Qd4 34. Qc7 Qd7 35. Qc3 Qd4 1/2-1/2

[Event "FIDE Women's Grand Swiss"]
[Site "Samarkand UZB"]
[Date "2025.09.13"]
[Round "9.5"]
[White "Muzychuk, Mariya"]
[Black "Ushenina, Anna"]
[Result "1-0"]
[WhiteTitle "GM"]
[BlackTitle "GM"]
[WhiteElo "2484"]
[BlackElo "2409"]
[WhiteFideId "14114550"]
[BlackFideId "14110911"]
[EventDate "2025.09.04"]

1. e4 d6 2. d4 Nf6 3. Nc3 e5 4. Nf3 Nbd7 5. Bc4 Be7 6. a4 O-O 7. O-O c6 8. Re1
h6 9. h3 Re8 10. Be3 exd4 11. Bxd4 Nf8 12. e5 dxe5 13. Nxe5 Be6 14. Qd3 Bd6 15.
Rad1 Qc7 16. Nf3 Bxc4 17. Qxc4 Rxe1+ 18. Rxe1 N8d7 19. Ne4 Nd5 20. Nxd6 Qxd6 21.
Qd3 Nf4 22. Qf5 Ne6 23. Qg4 Ndf8 24. Be5 Qc5 25. Bc3 Rd8 26. h4 Rd5 27. Ne5 Qd6
28. Nc4 Qf4 29. Qxf4 Nxf4 30. Na5 Rd7 31. Re8 Ne6 32. Ra8 a6 33. Bb4 c5 34. Ba3
b6 35. Nc6 Rc7 36. Ne5 f6 37. Ng6 a5 38. Rb8 Kf7 39. Nxf8 Nxf8 40. Rxb6 Ne6 41.
Rb5 c4 42. c3 Ra7 43. Rb6 Rd7 44. Rc6 Rd1+ 45. Kh2 Rd2 46. Kg3 Rd3+ 47. f3 g5
48. hxg5 hxg5 49. Kg4 Nf4 50. g3 Nd5 51. Bc5 Rd2 52. Bd4 Ke7 53. Rxc4 Rxb2 54.
Rc5 Kd6 55. c4 Nb6 56. Rxa5 Nxc4 57. Ra6+ Kd5 58. Bxb2 Ne3+ 59. Kh5 1-0

[Event "FIDE Women's Grand Swiss"]
[Site "Samarkand UZB"]
[Date "2025.09.13"]
[Round "9.6"]
[White "Muzychuk, Anna"]
[Black "Khamdamova, Afruza"]
[Result "1-0"]
[WhiteTitle "GM"]
[BlackTitle "WIM"]
[WhiteElo "2535"]
[BlackElo "2409"]
[WhiteFideId "14111330"]
[BlackFideId "14210444"]
[EventDate "2025.09.04"]

1. e4 e5 2. Nf3 Nc6 3. Bc4 Nf6 4. d3 Bc5 5. O-O d6 6. c3 a5 7. Re1 Ba7 8. Bb3 h6
9. Nbd2 O-O 10. h3 Be6 11. Ba4 Ne7 12. d4 Ng6 13. Bc2 c6 14. Nf1 Qc7 15. Be3
Rfe8 16. Ng3 Kh7 17. Qd2 Rad8 18. a4 Bb6 19. Rad1 Qb8 20. b3 Bc7 21. c4 d5 22.
cxd5 cxd5 23. Nxe5 dxe4 24. Nxg6 Bxg3 25. Nf4 Bxf4 26. Bxf4 Qc8 27. Rc1 Qd7 28.
Qxa5 Qxd4 29. Red1 Rd5 30. Rxd4 Rxa5 31. Bxe4+ Nxe4 32. Rxe4 Raa8 33. Rb4 Bd5
34. Rc7 Re1+ 35. Kh2 Rb1 36. Rb5 Rd8 37. b4 Kg8 38. Rb6 Be4 39. Be3 Ra8 40. Rc4
Re8 41. a5 Rb2 42. Bc5 Ra2 43. Rd4 Re5 44. Rd8+ Kh7 45. Be3 Bc6 46. Rd3 Rb5 47.
Rxb5 Bxb5 48. Rd5 Bc6 49. Re5 Rb2 50. Bc5 Rb3 51. Re7 Kg6 52. Rc7 Bd5 53. Rd7
Rd3 54. b5 Be4 55. Re7 Bd5 56. a6 bxa6 57. bxa6 Rc3 58. Be3 Ra3 59. a7 Kf6 60.
Re8 Ra4 61. Kg3 h5 62. Rh8 g6 63. f3 Ke6 64. h4 Bc6 65. Rd8 Ra6 66. Bc5 Bd5 67.
Re8+ Kf5 68. Bd4 f6 69. Rf8 g5 70. hxg5 Kxg5 71. Be3+ Kg6 72. Rh8 Ra3 73. Rh6+
Kg7 74. Rxh5 Ba8 75. Bd4 Ra4 76. Rh4 Kg6 77. Rh8 Bc6 78. Rd8 Bb7 79. Rd6 Kf7 80.
Rd7+ Ke6 1-0

[Event "FIDE Women's Grand Swiss"]
[Site "Samarkand UZB"]
[Date "2025.09.13"]
[Round "9.7"]
[White "Shuvalova, Polina"]
[Black "Wagner, Dinara"]
[Result "1/2-1/2"]
[WhiteTitle "IM"]
[BlackTitle "IM"]
[WhiteElo "2492"]
[BlackElo "2400"]
[WhiteFideId "24171760"]
[BlackFideId "24157570"]
[EventDate "2025.09.04"]

1. e4 e5 2. Nf3 Nc6 3. Bc4 Bc5 4. O-O Nf6 5. d3 d6 6. c3 a6 7. Re1 Ba7 8. Nbd2
O-O 9. Nf1 Na5 10. Bb3 Nxb3 11. axb3 Ng4 12. d4 exd4 13. h3 Ne5 14. Nxd4 Re8 15.
Ng3 d5 16. exd5 Qxd5 17. Bf4 Bd7 18. b4 Bb6 19. Bxe5 Rxe5 20. Rxe5 Qxe5 21. Qf3
Bxd4 22. cxd4 Qd6 23. Qc3 Re8 24. Re1 Rxe1+ 25. Qxe1 Qxd4 26. Qe7 Bc6 27. Qxc7
g6 28. Qe7 h6 29. h4 Qd5 30. f3 Qd4+ 31. Kh2 Qxb2 32. Ne4 Bxe4 33. fxe4 b6 34.
Qd8+ Kg7 35. Qxb6 Qe5+ 36. g3 Qxe4 37. Qxa6 Qxb4 38. Qa1+ Kh7 39. Qa2 Qe7 40.
Qb2 Qe6 41. Qf2 Kg7 42. Qb2+ Qf6 43. Qa2 g5 44. hxg5 hxg5 45. Qd2 Qe5 46. Qc2 f6
47. Qa2 g4 48. Qc2 Qd5 49. Qc7+ Kg6 50. Qc2+ Kg5 51. Qc1+ Kg6 52. Qc2+ Qf5 53.
Qa2 Qh5+ 54. Kg1 Qc5+ 55. Kh2 Kf5 56. Qd2 Kg6 57. Qd3+ f5 58. Qd2 Qe5 59. Qa2
Kf6 60. Qa6+ Ke7 61. Qb7+ Ke6 62. Qb6+ Qd6 63. Qe3+ Kf7 64. Qb3+ Qe6 65. Qb7+
Kg6 66. Qb2 Qe4 67. Qd2 Qe5 68. Qa2 Kf6 69. Qa6+ Kg5 70. Qa2 Qh8+ 71. Kg1 Qd4+
72. Kh2 Kf6 73. Qe2 Qe4 74. Qb2+ Ke6 75. Qd2 Ke5 76. Qd1 Qf3 77. Qd2 Ke4 78.
Qb4+ Ke3 79. Qc5+ Kd2 80. Qa5+ Ke2 81. Qa2+ Ke1 82. Qa5+ Kf1 83. Qa1+ Kf2 84.
Qf1+ Ke3 85. Qc1+ Ke2 86. Qb2+ Ke1 87. Qb4+ Kd1 88. Qb1+ Kd2 89. Qb2+ Ke1 90.
Qb4+ Kf1 91. Qb1+ Kf2 92. Qf1+ Kxf1 1/2-1/2

[Event "FIDE Women's Grand Swiss"]
[Site "Samarkand UZB"]
[Date "2025.09.13"]
[Round "9.8"]
[White "Kosteniuk, Alexandra"]
[Black "Narva, Mai"]
[Result "1/2-1/2"]
[WhiteTitle "GM"]
[BlackTitle "IM"]
[WhiteElo "2472"]
[BlackElo "2386"]
[WhiteFideId "4128125"]
[BlackFideId "4500512"]
[EventDate "2025.09.04"]

1. e4 c5 2. Nf3 d6 3. d4 cxd4 4. Nxd4 Nf6 5. Nc3 a6 6. Be2 e5 7. Nb3 Be7 8. O-O
O-O 9. Qd3 Nc6 10. a3 h6 11. Rd1 Bd7 12. Qg3 Kh8 13. Be3 Rc8 14. f3 Na5 15. Nxa5
Qxa5 16. Qf2 Rc6 17. Rd3 Be6 18. Bd1 Bd8 19. b4 Qc7 20. Qe1 Bc4 21. Rd2 Be6 22.
Rd3 Bc4 23. Nd5 Qc8 24. Rd2 Bxd5 25. exd5 Rc3 26. a4 Qc4 27. Rb1 Nxd5 28. Be2
Qc8 29. Rxd5 Rxe3 30. c4 Qf5 31. Rb2 Ra3 32. a5 Bg5 33. Qb1 Qe6 34. Rb3 Be3+ 35.
Kf1 Rxb3 36. Qxb3 Bd4 37. b5 Bc5 38. Qb1 Qe7 39. g3 Qd8 40. b6 Qg5 41. f4 Qf6
42. Qe4 g6 43. Bf3 exf4 44. Qxf4 Qxf4 45. gxf4 Bb4 46. f5 Kg7 47. Rd4 Rb8 48.
fxg6 fxg6 49. Kg2 Kf6 50. Rf4+ Ke5 51. Re4+ Kf5 52. Re7 Bxa5 53. Rxb7 Rxb7 54.
Bxb7 Bxb6 55. Bxa6 Kf4 56. Bb7 g5 57. h3 h5 58. Bd5 g4 59. hxg4 hxg4 1/2-1/2

[Event "FIDE Women's Grand Swiss"]
[Site "Samarkand UZB"]
[Date "2025.09.13"]
[Round "9.9"]
[White "Tsolakidou, Stavroula"]
[Black "Dronavalli, Harika"]
[Result "1/2-1/2"]
[WhiteTitle "IM"]
[BlackTitle "GM"]
[WhiteElo "2445"]
[BlackElo "2467"]
[WhiteFideId "4264312"]
[BlackFideId "5015197"]
[EventDate "2025.09.04"]

1. e4 e6 2. d4 d5 3. e5 c5 4. c3 Qa5 5. a3 Nc6 6. Nf3 Bd7 7. dxc5 Qc7 8. b4 Nxe5
9. Nd4 Nf6 10. Be2 b6 11. Nb5 Qb8 12. cxb6 Qxb6 13. a4 a6 14. Nd4 Bd6 15. f4 Nc4
16. O-O O-O 17. Kh1 Qc7 18. Bd3 Ne4 19. Qe1 f5 20. Nd2 e5 21. Nxc4 dxc4 22. fxe5
Bxe5 23. Bxe4 fxe4 24. Rxf8+ Rxf8 25. Bg5 h6 26. Bh4 Qb7 27. Bf2 Qd5 28. Be3 Rf6
29. Kg1 Rg6 30. Ra2 Bc7 31. Qh4 Qe5 32. Rf2 Qe8 33. Nf5 Bd8 34. Qh3 Bf6 35. b5
axb5 36. axb5 Kh7 37. b6 Bxc3 38. b7 Be5 39. Qh4 Bxf5 40. Rxf5 Bb8 41. Rd5 Qc6
42. Qxe4 Qxb7 43. h4 Qa6 44. Qb1 Ba7 45. Bxa7 Qxa7+ 46. Kh1 Qb6 47. Qc2 Qe6 48.
h5 Qxd5 49. Qxg6+ Kh8 50. Qe8+ Qg8 51. Qc6 Qd8 52. Qxc4 Qd1+ 53. Kh2 Qxh5+ 54.
Kg1 Qf5 55. Qd4 Kh7 56. Qe3 h5 57. Qd4 Kh6 58. Qd2+ Qg5 59. Qd6+ Qf6 60. Qd2+ g5
61. Qe3 Qd6 62. Qe8 Qd4+ 63. Kh2 Qf6 64. Kg1 h4 65. Qe4 Qb6+ 66. Kh1 Qd6 67. Kg1
Qf6 68. Qg4 Qa1+ 69. Kh2 Qe5+ 70. Kh1 Kg6 71. Qf3 Qf6 72. Qd3+ Kh6 73. Qe2 Qf5
74. Qe8 Qf1+ 75. Kh2 Qf6 76. Qe2 Qf5 77. Qe8 Qf6 78. Qe2 Qg6 79. Qg4 Qc6 80. Qe2
Qc7+ 81. Kh1 Qd6 82. Qe4 Qg6 83. Qe3 Qc6 84. Kg1 Qd5 85. Qe7 Qd4+ 86. Kh1 Qa1+
87. Kh2 Qg7 88. Qd6+ Kh7 89. Qd3+ Qg6 90. Qxg6+ Kxg6 91. g3 Kh5 92. Kg2 Kg4 93.
gxh4 Kxh4 94. Kh2 Kg4 95. Kg2 Kf4 96. Kf2 g4 97. Kg2 g3 98. Kg1 Kg4 99. Kg2 Kh4
100. Kg1 Kh3 101. Kh1 g2+ 102. Kg1 Kg3 1/2-1/2

[Event "FIDE Women's Grand Swiss"]
[Site "Samarkand UZB"]
[Date "2025.09.13"]
[Round "9.10"]
[White "Injac, Teodora"]
[Black "Fataliyeva, Ulviyya"]
[Result "0-1"]
[WhiteTitle "IM"]
[BlackTitle "IM"]
[WhiteElo "2454"]
[BlackElo "2385"]
[WhiteFideId "932400"]
[BlackFideId "13403052"]
[EventDate "2025.09.04"]

1. d4 d5 2. c4 e6 3. Nf3 Nf6 4. Nc3 Be7 5. Bg5 h6 6. Bxf6 Bxf6 7. cxd5 exd5 8.
Qb3 c6 9. e3 a5 10. Bd3 Na6 11. Rc1 Be7 12. O-O Bd6 13. Na4 O-O 14. Nb6 Ra7 15.
Nxc8 Qxc8 16. a3 Nc7 17. Bb1 Qe6 18. Rfe1 Qf6 19. Ne5 Bxe5 20. dxe5 Qxe5 21. Qb6
Rfa8 22. e4 d4 23. g3 a4 24. Red1 Ne6 25. Ba2 Ng5 26. Bb1 Qe7 27. Kh1 Ne6 28.
Ba2 Ra6 29. Qb4 c5 30. Qb5 Ra5 31. Qd3 b5 32. Bd5 Rd8 33. f4 Nc7 34. Qd2 Ra7 35.
Qd3 Nxd5 36. exd5 Rxd5 37. Qxb5 Rb7 38. Qd3 Rb3 39. Qc2 Qb7 40. Qe4 f5 0-1

[Event "FIDE Women's Grand Swiss"]
[Site "Samarkand UZB"]
[Date "2025.09.13"]
[Round "9.11"]
[White "Lu, Miaoyi"]
[Black "Balajayeva, Khanim"]
[Result "1/2-1/2"]
[WhiteTitle "IM"]
[BlackTitle "IM"]
[WhiteElo "2449"]
[BlackElo "2331"]
[WhiteFideId "8618020"]
[BlackFideId "13406396"]
[EventDate "2025.09.04"]

1. Nf3 d5 2. e3 Nf6 3. b3 e6 4. Bb2 Be7 5. g4 O-O 6. g5 Ne4 7. h4 c5 8. Nc3 Nxc3
9. dxc3 Nc6 10. c4 Qa5+ 11. Qd2 Qxd2+ 12. Nxd2 Nb4 13. Kd1 dxc4 14. a3 Nd5 15.
Bxc4 Bd7 16. Bd3 b5 17. Ke2 Nb6 18. f4 Bc6 19. Rh3 Rac8 20. c4 bxc4 21. Nxc4
Nxc4 22. bxc4 Rfd8 23. Bc3 Rb8 24. Bc2 Bb7 25. Ba5 Rdc8 26. Kd2 f5 27. Bd3 Be4
28. Bxe4 fxe4 29. Kc2 Rc6 30. a4 Rb7 31. Rhh1 Rd7 32. Rhb1 Kf7 33. Bc3 Rcd6 34.
Rd1 Rxd1 35. Rxd1 Rxd1 36. Kxd1 Bf8 37. a5 a6 38. h5 g6 39. h6 Bd6 40. Be5 Bxe5
41. fxe5 Ke7 1/2-1/2

[Event "FIDE Women's Grand Swiss"]
[Site "Samarkand UZB"]
[Date "2025.09.13"]
[Round "9.12"]
[White "Danielian, Elina"]
[Black "Garifullina, Leya"]
[Result "1/2-1/2"]
[WhiteTitle "GM"]
[BlackTitle "IM"]
[WhiteElo "2405"]
[BlackElo "2477"]
[WhiteFideId "13300210"]
[BlackFideId "34127035"]
[EventDate "2025.09.04"]

1. d4 Nf6 2. c4 e6 3. Nc3 Bb4 4. Qc2 d5 5. cxd5 exd5 6. Bg5 h6 7. Bh4 g5 8. Bg3
Nc6 9. e3 h5 10. Bb5 h4 11. Be5 O-O 12. h3 Nxe5 13. dxe5 Ne4 14. Bd3 f5 15. a3
Bxc3+ 16. bxc3 Qe7 17. Nf3 c6 18. c4 Bd7 19. Qb2 Nc5 20. Be2 Be8 21. cxd5 cxd5
22. Rc1 b6 23. O-O g4 24. hxg4 fxg4 25. Nh2 g3 26. fxg3 Bg6 27. gxh4 Qxh4 28.
Bf3 Be4 29. Bxe4 dxe4 30. Rcd1 Qg5 31. Qd4 Rae8 32. Rxf8+ Rxf8 33. Rf1 Rxf1+ 34.
Nxf1 Kg7 35. e6+ Kg6 36. Qd6 Qf6 37. Qg3+ Kf5 38. Qc7 Kxe6 39. Qxa7 Kd5 40. a4
Kc4 41. a5 bxa5 42. Qxa5 Kd5 43. Ng3 Qe5 44. Ne2 Kc4 45. Qa2+ Kb4 46. Qd2+ Kc4
47. Qd4+ Qxd4 48. Nxd4 Kd3 49. Nf5 Ke2 50. g4 Kf3 51. g5 Nd7 52. g6 Nf6 53. Kh2
Kg4 54. Nd6 Kg5 55. g7 Kg6 56. Ne8 Ng8 57. Kg3 Kf7 58. Nd6+ Kxg7 59. Nxe4 Ne7
60. Nd6 Kf6 61. Kf3 Nd5 62. e4 Nc3 1/2-1/2

[Event "FIDE Women's Grand Swiss"]
[Site "Samarkand UZB"]
[Date "2025.09.13"]
[Round "9.13"]
[White "Osmak, Yuliia"]
[Black "Gaal, Zsoka"]
[Result "1-0"]
[WhiteTitle "IM"]
[BlackTitle "WGM"]
[WhiteElo "2478"]
[BlackElo "2388"]
[WhiteFideId "14101602"]
[BlackFideId "777765"]
[EventDate "2025.09.04"]

1. d4 Nf6 2. c4 e6 3. Nf3 d5 4. Nc3 Nbd7 5. cxd5 exd5 6. Bf4 c6 7. h3 Nb6 8. e3
Bf5 9. Ne5 Ne4 10. Be2 f6 11. Nd3 Bd6 12. O-O O-O 13. Rc1 a5 14. Bxd6 Nxd6 15.
Nc5 Nbc8 16. Qb3 b6 17. Nd3 Nc4 18. Rfd1 N8d6 19. a4 Qe8 20. Qa2 Nf7 21. Bf1 g5
22. e4 dxe4 23. Qxc4 exd3 24. Qb3 Qe6 25. Qxb6 Rfb8 26. Qc5 Rxb2 27. Bxd3 Bxd3
28. Rxd3 Kg7 29. Nd1 Rd2 30. Rf3 Qe1+ 31. Kh2 Rxd1 32. Qxc6 Rf8 33. Qxf6+ Kg8
34. Rc8 Rxc8 35. Qxf7+ Kh8 36. Qf6+ Kg8 37. Qxg5+ Kh8 38. Qf6+ Kg8 39. Rg3# 1-0

[Event "FIDE Women's Grand Swiss"]
[Site "Samarkand UZB"]
[Date "2025.09.13"]
[Round "9.14"]
[White "Kamalidenova, Meruert"]
[Black "Bulmaga, Irina"]
[Result "1/2-1/2"]
[WhiteTitle "IM"]
[BlackTitle "IM"]
[WhiteElo "2349"]
[BlackElo "2400"]
[WhiteFideId "13712802"]
[BlackFideId "13903063"]
[EventDate "2025.09.04"]

1. e4 e5 2. Nf3 Nc6 3. Bb5 a6 4. Ba4 d6 5. O-O Nf6 6. Re1 Bd7 7. c3 g6 8. d4 Bg7
9. h3 O-O 10. Bc2 Re8 11. a4 h6 12. Nbd2 exd4 13. cxd4 Nb4 14. Bb1 a5 15. Nf1
Re7 16. Ng3 Qe8 17. Bd2 Bc6 18. d5 Bd7 19. Qc1 c6 20. dxc6 Bxc6 21. Bxh6 Nxe4
22. Bxe4 Bxe4 23. Bxg7 Kxg7 24. Qg5 Kg8 25. Nf5 Re6 26. Rxe4 Rxe4 27. Nxd6 Qe7
28. Nxe4 Qxe4 29. Re1 Qc6 30. Re7 Rc8 31. Ne5 Qc1+ 32. Qxc1 Rxc1+ 33. Kh2 Nc6
34. Rc7 Rc2 35. Nxf7 Rxb2 36. Nd6 Rxf2 37. Nxb7 Nd4 38. Nxa5 Ra2 39. Rc4 Nf3+
40. Kg3 Ne1 41. Nc6 Kf7 42. Ne5+ Ke6 43. Re4 Rxg2+ 44. Kh4 Kf5 45. Rxe1 g5+ 46.
Kh5 Rg3 47. h4 gxh4 48. a5 h3 49. Nc6 h2 50. Nd4+ Kf6 51. Rh1 Rg5+ 52. Kh4 Rxa5
53. Nf3 Ra4+ 54. Kg3 Ra2 55. Nxh2 Ra3+ 56. Nf3 Kf5 57. Rh4 Rb3 58. Ra4 Rc3 59.
Ra5+ Ke6 60. Kf4 Rc4+ 61. Ke3 Rg4 62. Ng5+ Kd6 63. Ne4+ Kc6 64. Rc5+ Kb6 65. Rc1
Rh4 66. Kd4 Kb5 67. Rf1 Kc6 68. Rf5 Kb6 69. Re5 Kc6 70. Kc4 Rh1 71. Re6+ Kd7 72.
Nc5+ Kc7 73. Re3 Rc1+ 74. Kd5 Rd1+ 75. Nd3 Kd7 76. Rh3 Ke7 77. Ke5 Kd7 78. Nc5+
Kc6 79. Ne4 Re1 80. Rc3+ Kd7 81. Rc2 Kd8 82. Kd5 Kd7 83. Rc3 Rd1+ 84. Ke5 Re1
85. Rc4 Re2 86. Rc1 Re3 87. Kd4 Rh3 88. Rg1 Rh4 89. Rg6 Kc7 90. Kd5 Rh5+ 91. Ng5
Kb7 92. Kc5 Rh1 93. Rg7+ Ka6 94. Ne6 Rc1+ 95. Kd5 Kb6 96. Rg6 Rd1+ 97. Nd4+ Kc7
98. Rh6 Kb7 99. Kc4 Rc1+ 100. Kb4 Kc7 101. Nb3 Rb1 102. Kc4 Kd7 103. Nd4 Ke7
104. Kd5 Rd1 105. Ke5 Re1+ 1/2-1/2

[Event "FIDE Women's Grand Swiss"]
[Site "Samarkand UZB"]
[Date "2025.09.13"]
[Round "9.15"]
[White "Mkrtchian, Lilit"]
[Black "Maltsevskaya, Aleksandra"]
[Result "0-1"]
[WhiteTitle "IM"]
[BlackTitle "IM"]
[WhiteElo "2393"]
[BlackElo "2379"]
[WhiteFideId "13300601"]
[BlackFideId "24174041"]
[EventDate "2025.09.04"]

1. Nf3 Nf6 2. g3 g6 3. b3 Bg7 4. Bb2 c5 5. c4 d6 6. d4 Ne4 7. Bg2 Qa5+ 8. Kf1
Nc6 9. e3 O-O 10. Qc1 d5 11. cxd5 Nb4 12. Ne1 Bf5 13. g4 cxd4 14. exd4 Rac8 15.
Qd1 Nxf2 16. Kxf2 Bc2 17. Qd2 Bxb1 18. Rxb1 Qxa2 19. Ra1 Qxb3 20. Ra3 Qc4 21.
Rxa7 Qb5 22. d6 Nc6 23. Ra3 exd6 24. Nf3 Rfe8 25. Rc1 h5 26. g5 Rc7 27. Ba1 Rce7
28. Bf1 Qf5 29. Qc2 Qf4 30. Qd2 Qf5 31. Qc2 Qg4 32. h3 Qf4 33. Qd2 Qf5 34. Qc2
Re4 35. Bd3 d5 36. Bxe4 dxe4 37. Kg1 Qxh3 38. Re1 Nxd4 39. Bxd4 Bxd4+ 40. Nxd4
Qxa3 41. Rxe4 Qg3+ 42. Kf1 Ra8 43. Qc1 Qd3+ 0-1

[Event "FIDE Women's Grand Swiss"]
[Site "Samarkand UZB"]
[Date "2025.09.13"]
[Round "9.16"]
[White "Karimova, Guldona"]
[Black "Shukhman, Anna"]
[Result "0-1"]
[WhiteTitle "WIM"]
[BlackTitle "WGM"]
[WhiteElo "2324"]
[BlackElo "2420"]
[WhiteFideId "14210410"]
[BlackFideId "54180058"]
[EventDate "2025.09.04"]

1. e4 c5 2. Nf3 d6 3. d4 cxd4 4. Nxd4 Nf6 5. Nc3 a6 6. Bd3 g6 7. f3 Bg7 8. Be3
Nbd7 9. Qd2 b5 10. O-O-O h5 11. h3 Bb7 12. g4 Nc5 13. g5 Nfd7 14. f4 b4 15. Nd5
e6 16. Nxb4 O-O 17. c3 a5 18. Nbc6 Qc7 19. Ne7+ Kh7 20. Bc2 Nxe4 21. Bxe4 Bxe4
22. Nb5 Qb8 23. Nxd6 Bxh1 24. Rxh1 Qd8 25. Nc6 Qc7 26. Ne5 Nxe5 27. fxe5 Bxe5
28. Ne4 Qc4 29. Re1 Rad8 30. Qc2 Qxa2 31. Bc5 Bf4+ 32. Be3 Bxe3+ 33. Rxe3 Qa1+ 0-1

[Event "FIDE Women's Grand Swiss"]
[Site "Samarkand UZB"]
[Date "2025.09.13"]
[Round "9.17"]
[White "Javakhishvili, Lela"]
[Black "Tokhirjonova, Gulrukhbegim"]
[Result "1-0"]
[WhiteTitle "IM"]
[BlackTitle "IM"]
[WhiteElo "2434"]
[BlackElo "2372"]
[WhiteFideId "13601458"]
[BlackFideId "14203626"]
[EventDate "2025.09.04"]

1. Nf3 Nf6 2. b3 d5 3. Bb2 g6 4. c4 dxc4 5. bxc4 Bg7 6. g3 O-O 7. Bg2 c5 8. O-O
Nc6 9. d3 Bf5 10. Nbd2 Rc8 11. Ne5 Nxe5 12. Bxe5 Qd7 13. Qb3 b6 14. Rfe1 Bh3 15.
Bh1 Qf5 16. Nf3 Bh6 17. a4 Ng4 18. Bc3 e5 19. a5 Rfe8 20. axb6 axb6 21. e4 Qf6
22. Ra6 Rc6 23. Rd1 Rd6 24. Bg2 Bxg2 25. Kxg2 Red8 26. Qb1 Be3 27. Be1 Bd4 28.
h3 h5 29. Qc2 Nh6 30. Bd2 Qg7 31. Qc1 Kh7 32. Qb1 f6 33. Rxb6 g5 34. Nxd4 Rxd4
35. Be3 R4d7 36. Bxc5 g4 37. h4 f5 38. exf5 Qf7 39. Qc1 Nxf5 40. Qg5 Nd6 41. Re1
Rg8 42. Qe3 Nf5 43. Qxe5 Rg6 44. Rxg6 Qxg6 45. d4 Qf7 46. d5 Rc7 47. d6 Rc8 48.
Kg1 Ng7 49. Qd4 Nf5 50. Qd3 Kg6 51. Bb6 Qd7 52. c5 Kg7 53. Qd5 Rf8 54. Ra1 Qb5
55. d7 Qb2 56. Rf1 Nxg3 57. Qg5+ Kh7 58. Qe7+ Kg6 59. Qe8+ Kh7 60. Qe7+ Kg6 61.
Qd6+ Kh7 62. Qxg3 Rf3 63. d8=Q 1-0